000 00639nam a2200193Ia 4500
003 GCL
005 20240530105143.0
008 140319s9999 xx 000 0 ara d
040 _aGCL /
_cGCL
082 0 4 _a530
_bا ف
100 1 _aابراهيم ابراهيم شريف
245 1 0 _aالفيزياء 1 :
_b الحرارة وخواص المادة والصوت /
_cابراهيم ابراهيم شريف
260 _aبيروت :
_bدار الراتب للأبحاث الجامعية ،
_c1983
300 _a362 ص؛
_c24 سم
650 0 4 _aالصوت
650 0 4 _aالحرارة
650 0 4 _aالفيزياء
942 _2ddc
_cBK
999 _c53607
_d53607